[Event "Guillermo Garcia Memorial-B 08th"]
[Site "Santa Clara"]
[Date "2000.06.07"]
[Round "12"]
[White "Delgado Ramirez, Neuris"]
[Black "Soppe, Guillermo"]
[Result "1-0"]
[WhiteElo "2443"]
[BlackElo "2466"]
[Annotator "Lukacs,P"]
[PlyCount "105"]
[EventDate "2000.05.24"]
[EventType "tourn"]
[EventRounds "14"]
[EventCountry "CUB"]
[EventCategory "9"]
[SourceTitle "CBM 078"]
[Source "ChessBase"]
[SourceDate "2000.10.18"]
[SourceVersion "1"]
[SourceVersionDate "2000.10.18"]
[SourceQuality "1"]

1. e4 c6 2. Nc3 d5 3. Nf3 (3. d4 {is the best according to theory.}) 3... dxe4
(3... Bg4 {is the main line leading to semi-closed positions with level
chances.}) 4. Nxe4 Nf6 5. Nxf6+ gxf6 {This is the point, Black wants to make
profit from the early Nf3.} 6. d4 {Now we have transposed to the 4...Nf6, 5...
gxf6 line, but White's N is not so well-placed on f3. The best setup is c3,Bd3,
Qc2 and Ne2.} Bg4 7. c3 Nd7 8. Bc4 (8. g3 $6 {is strongly met by the witty} Ne5
$1 9. Be2 Nxf3+ 10. Bxf3 Bxf3 11. Qxf3 Qd5 12. Qxd5 cxd5 13. Bf4 e6 14. Ke2 Kd7
$11 {R.Mainka-Schmedders, Recklinghausen op 1999}) (8. Be2 Qc7 {This is the
best square for the Q controlling the important /^ h2-b8.} 9. Be3 e6 10. h3 Bh5
11. b4 {White wants to grab the |^ on the <<, where the black K belongs.} (11.
Qa4 {is against the immediate 0-0-0.} Rg8 12. g4 Bg6 13. Nh4 {White gets the
^^, but considerably weakens his >>.} Bd6 14. Nxg6 hxg6 15. c4 Bf4 {
eliminating White's ^^.} 16. Qa3 Bxe3 17. Qxe3 O-O-O 18. O-O-O g5 {blockading
the weaknesses.} 19. Kb1 Kb8 20. Bf3 Nb6 21. b3 Rh8 $11 {Blatny-Hort, CSR-ch
Jablonec 1962}) 11... Bd6 12. Nd2 Bxe2 13. Qxe2 Rg8 14. O-O f5 15. Nf3 Nf6 16.
b5 c5 $11 {Rosito-Spangenberg, Buenos Aires qual 1992}) 8... Qc7 $2 {[#]} (8...
e6 9. h3 (9. Qe2 Qc7 10. h3 Bh5 {- 9.h3}) 9... Bh5 10. Qe2 (10. Be3 Qc7 $11)
10... Qc7 (10... Nb6 11. Bb3 a5 12. a4 Nd5 {The N is well-posted here, because
c3-c4 is always met by ...Nb4.} 13. g4 Bg6 14. Nh4 Qb6 15. Bc4 O-O-O 16. Ng2
Qc7 17. Bd2 h5 $13 {Niephaus-Donner, Wageningen zt 1957}) 11. g4 (11. O-O O-O-O
12. b4 Bd6 $13 {is the ideal setup for Black with good counterchances on the g
<->.}) (11. Be3 O-O-O 12. O-O-O {At least the white K is in safety.} Nb6 13.
Bb3 Nd5 14. g4 {>< f4} Bg6 15. Nh4 Nf4 $1 $15 {Diaz-Barletta, Grand Prix 1992})
11... Bg6 12. h4 ({Chasing the B by other means is not dangerous either:} 12.
Nh4 O-O-O 13. Bd2 Nb6 14. Bb3 c5 15. Nxg6 hxg6 16. dxc5 Bxc5 17. O-O-O g5 $11 {
blockading the dark squares, Pilnik-Sanguetti, Mar del Plata 1946.}) 12... h6 (
12... h5 $5 13. g5 Be7) 13. Be3 Nb6 14. Bd3 Bxd3 15. Qxd3 O-O-O $11 {
Kremenietsky-Vasiukov, Moscow-ch 1981}) (8... Nb6 9. Bb3 Qc7 10. Qe2 Bg7 11.
Qe4 f5 12. Qf4 Qxf4 13. Bxf4 Bxf3 14. gxf3 Nd5 15. Bxd5 cxd5 $11 {Ciocaltea-L.
Szabo, Prague zt 1954}) 9. Ng5 $1 {This beautiful move reminds to the motif of
the Legal mate!} Ne5 $1 (9... fxg5 10. Qxg4 $16) (9... Bxd1 10. Bxf7+ Kd8 11.
Ne6+ Kc8 12. Nxc7 $18) 10. dxe5 $3 {[#] Bold from the blue!} (10. Be2 Bxe2 11.
Qxe2 Nd7 (11... fxg5 $2 12. dxe5 $16) 12. Ne4 e6 {parries all the threats.}) (
10. Qxg4 $6 {is dying for the beauty.} Nxg4 11. Bxf7+ Kd7 12. Be6+ Kd8 $1 (
12... Ke8 13. Bf7+ $11) 13. Nf7+ Ke8 14. Nxh8 Ne5 $1 15. O-O Bg7 $17) 10...
Bxd1 11. Bxf7+ Kd7 12. Bf4 $1 {The times of the golden age of Morphy came
back?!} Bg4 $1 {Black's defence is also on the top.} ({Other tries are
inferior:} 12... fxe5 $2 13. Rxd1+ Kc8 14. Ne6 exf4 15. Nxc7 Kxc7 16. Be6 Rd8
17. Rxd8 Kxd8 18. Ke2 $16 {/\ Rd1}) (12... Qa5 $2 13. Rxd1+ Kc7 14. Ne6+ Kb6
15. Be3+ c5 16. Nxc5 $18) (12... Kc8 $2 13. Ne6 Qb6 14. Rxd1 $18) 13. e6+ Kc8
14. Bxc7 Kxc7 15. Ne4 $1 (15. h3 Bf5 $1 (15... fxg5 16. hxg4 Rd8 17. Rd1 Rxd1+
18. Kxd1 Bg7 19. g3 $14 {^-}) 16. Nf3 Rd8 17. Nd4 Bg6 18. O-O Bh6 19. Rfd1 c5
20. Bxg6 cxd4 (20... hxg6 21. Nf3 Rd6) 21. Be4 dxc3 22. bxc3 Rd6 23. Rxd6 Kxd6
24. Bxb7 Kxe6 25. Re1+ Kd6 $14 {^-}) 15... Bf5 (15... Rd8 16. Ng3 $1 (16. f3 {
- 15...Bf5}) 16... Rd5 17. O-O $16) 16. f3 $2 ({Crisper was} 16. Ng3 $1 Bd3 $1
(16... Bc2 17. Rc1 Bd3 18. Rd1 {- 16...Bd3}) (16... Bg6 17. Rd1 Rd8 18. Rxd8
Kxd8 19. Ke2 $16 Bxf7 20. exf7 Kd7 21. Rd1+ Ke6 22. Rd8 Kxf7 23. Rd7 $16 {
winning material on the second rank.}) 17. Rd1 Rd8 18. Ne2 (18. f4 Bh6 19. f5
Bc2 {and Black's ^^ is extremely strong.}) 18... Bh6 $1 (18... Bxe2 19. Rxd8
Kxd8 20. Kxe2 Bh6 21. Rd1+ $16) 19. Nd4 Bg6 20. Bxg6 hxg6 21. Ke2 Rd6 {Black
has to eliminate the dangerous P on e6, but this takes time.} (21... c5 22.
Nb5+ Kc6 23. c4 a6 24. Nc3 Rd6 25. Rxd6+ Kxd6 26. Ne4+ Kc6 (26... Kxe6 27.
Nxc5+ Kf7 28. b3 $16) 27. Rd1 $16 {saving the e P.}) (21... a6 {/\ c5} 22. h4 {
/\ h5 >< f5} c5 (22... Rd6 {- 21...Rd6}) 23. Nb3 b6 24. h5 gxh5 25. Rxd8 Rxd8
26. Rxh5 $16) 22. h4 $1 a6 {/\ c5} 23. h5 c5 24. Nb3 Rxe6+ 25. Kf3 gxh5 (25...
g5 $2 26. Nxc5) 26. Rxh5 b6 27. Rdh1 f5 28. Rxf5 $16) 16... Rd8 17. Ke2 {
/\ Rad1} Bh6 (17... Bxe4 18. fxe4 Bh6 19. Rad1 {- 17....Bh6}) 18. Rad1 Bxe4 19.
fxe4 b5 (19... Rxd1 20. Rxd1 Rd8 21. Rxd8 Kxd8 22. g3 $14 {^-} (22. e5 Bf4 $1
23. exf6 Bxh2 $11)) 20. g3 a5 21. b3 Bg5 22. h4 Bh6 23. Rhf1 a4 24. bxa4 bxa4
25. Rd4 Rxd4 (25... Rd6 26. Rf5) 26. cxd4 Rb8 27. Kd3 Rb2 (27... Kd6 28. Rf5 $1
Rb2 29. Ra5 Rxa2 30. Ra7 $18 {/\ Rd7}) 28. Rxf6 $1 {White grabs his last
chance transposing to an _|_ with ^-. Certainly by accurate play this is only
a draw.} exf6 29. e7 Rb8 30. e8=Q Rxe8 31. Bxe8 Kd6 32. Kc4 Bd2 (32... a3 $1 {
was the simplest solution.} 33. g4 (33. Bf7 Be3 $11) 33... Be3 34. Kd3 (34. g5
fxg5 35. e5+ Kc7 36. hxg5 Bxg5 $11) 34... Bf2 35. g5 fxg5 36. e5+ Kc7 37. hxg5
Bh4 $11) 33. g4 (33. a3 $2 {is premature because of} Be1 $11) 33... h6 $2 (
33... Be1 $2 34. g5 fxg5 35. hxg5 Bd2 36. e5+ Kc7 37. Kc5 Bxg5 38. Bxc6 $16 {
with connected passed pawns.}) ({This was the last chance to bring the a P
into safety after} 33... a3 $1) 34. a3 $3 {fixing the weakness on a4.} Bc1 35.
Kb4 Bb2 36. e5+ $1 $18 {White wants to create remote passed pawns on both
flanks, when the B is not able to cover the important diagonals.} fxe5 37.
dxe5+ Bxe5 38. g5 hxg5 39. hxg5 c5+ 40. Kxa4 c4 41. Kb4 c3 42. Ba4 {/\ Bc2
blockading the enemy o^ and promoting both pawns.} Ke6 (42... Kd5 43. g6 Bg7
44. Bb3+ Kd4 45. a4 $18) 43. Bc2 Kd5 44. Kb5 Bd4 45. a4 Be3 46. g6 Bd4 47. Bd3
Kd6 48. Bb1 Kd5 49. Ba2+ Kd6 50. Bb3 $22 Kc7 51. Kc4 Bg7 52. Kd5 Kd7 53. Bc2
1-0

[Event "Guillermo Garcia Memorial-B 08th"]
[Site "Santa Clara"]
[Date "2000.06.09"]
[Round "14"]
[White "Arencibia Rodriguez, Walter"]
[Black "Delgado Ramirez, Neuris"]
[Result "1-0"]
[WhiteElo "2529"]
[BlackElo "2443"]
[PlyCount "51"]
[EventDate "2000.05.24"]
[EventType "tourn"]
[EventRounds "14"]
[EventCountry "CUB"]
[EventCategory "9"]
[SourceTitle "CBM 078"]
[Source "ChessBase"]
[SourceDate "2000.10.18"]
[SourceVersion "1"]
[SourceVersionDate "2000.10.18"]
[SourceQuality "1"]

1. d4 Nf6 2. c4 e6 3. Nc3 Bb4 4. f3 d5 5. a3 Bxc3+ 6. bxc3 O-O 7. cxd5 Nxd5 8.
Qd3 b6 9. c4 Ba6 10. Nh3 Nd7 11. e4 Ne7 12. Bb2 c5 13. O-O-O Qb8 14. d5 e5 15.
Qc3 b5 16. Qa5 Qd6 17. cxb5 Bb7 18. Nf2 a6 19. b6 Rac8 20. Rd2 c4 21. Rc2 Nxb6
22. Qb4 Qh6+ 23. Kb1 Nexd5 24. exd5 Nxd5 25. Qxb7 Ne3 26. Ng4 1-0

[Event "Santo Domingo"]
[Site "Santo Domingo"]
[Date "2001.??.??"]
[Round "1"]
[White "Santa Torres, Juan"]
[Black "Delgado Ramirez, Neuris"]
[Result "0-1"]
[WhiteElo "2251"]
[BlackElo "2481"]
[PlyCount "80"]
[EventDate "2001.??.??"]
[EventType "tourn"]
[EventRounds "11"]
[EventCountry "DOM"]
[SourceTitle "EXT 2002"]
[Source "ChessBase"]
[SourceDate "2001.11.25"]
[SourceVersion "1"]
[SourceVersionDate "2001.11.25"]
[SourceQuality "1"]

1. d4 Nf6 2. c4 e6 3. Nf3 b6 4. a3 Ba6 5. Qc2 Bb7 6. Nc3 c5 7. dxc5 Bxc5 8. Bg5
O-O 9. e3 Be7 10. Be2 d6 11. O-O a6 12. Rfd1 Nbd7 13. Rac1 Rc8 14. Nd2 Rc7 15.
Qb1 h6 16. Bh4 Qa8 17. Bf1 Re8 18. h3 Bf8 19. Bg3 Rec8 20. Qa2 Rc5 21. f4 R5c7
22. Bf2 Be7 23. Kh2 Kh8 24. Qb1 Rg8 25. g3 Rgc8 26. Be2 Nc5 27. Rg1 Nce4 28.
Ndxe4 Nxe4 29. Nxe4 Bxe4 30. Qa1 b5 31. b3 Bf6 32. Qa2 bxc4 33. Rxc4 Rxc4 34.
bxc4 Rb8 35. Qd2 Rb2 36. Qe1 Bc3 37. Qf1 Qb7 38. g4 Rb1 39. Bd1 Qb2 40. Kg3 Bc2
0-1

[Event "Santo Domingo"]
[Site "Santo Domingo"]
[Date "2001.??.??"]
[Round "2"]
[White "Mazara, Adan"]
[Black "Delgado Ramirez, Neuris"]
[Result "0-1"]
[WhiteElo "2229"]
[BlackElo "2481"]
[PlyCount "38"]
[EventDate "2001.??.??"]
[EventType "tourn"]
[EventRounds "11"]
[EventCountry "DOM"]
[SourceTitle "EXT 2002"]
[Source "ChessBase"]
[SourceDate "2001.11.25"]
[SourceVersion "1"]
[SourceVersionDate "2001.11.25"]
[SourceQuality "1"]

1. d4 Nf6 2. c4 e6 3. Nc3 Bb4 4. Qc2 O-O 5. a3 Bxc3+ 6. Qxc3 b6 7. Bg5 Bb7 8.
f3 d5 9. e3 Nbd7 10. O-O-O c5 11. dxc5 bxc5 12. Nh3 Qb6 13. Be2 Rab8 14. Bxf6
Nxf6 15. g4 e5 16. g5 d4 17. Qc2 Nd7 18. e4 Bc6 19. Rd2 Qa6 0-1

[Event "Santo Domingo"]
[Site "Santo Domingo"]
[Date "2001.??.??"]
[Round "3"]
[White "Delgado Ramirez, Neuris"]
[Black "Carrion, Marcelo"]
[Result "1/2-1/2"]
[WhiteElo "2481"]
[BlackElo "2227"]
[PlyCount "128"]
[EventDate "2001.??.??"]
[EventType "tourn"]
[EventRounds "11"]
[EventCountry "DOM"]
[SourceTitle "EXT 2002"]
[Source "ChessBase"]
[SourceDate "2001.11.25"]
[SourceVersion "1"]
[SourceVersionDate "2001.11.25"]
[SourceQuality "1"]

1. Nf3 g6 2. e4 c5 3. g3 Nc6 4. Bg2 Bg7 5. d3 Nf6 6. O-O d5 7. Nbd2 O-O 8. c3
Qc7 9. Re1 e5 10. a3 dxe4 11. dxe4 b6 12. Qe2 a5 13. a4 Rd8 14. Bf1 Ne8 15. Nc4
Nd6 16. Bg5 f6 17. Be3 Be6 18. Nfd2 Kh8 19. Nxd6 Rxd6 20. Nc4 Rd7 21. Rad1 Rxd1
22. Rxd1 Bf8 23. Rd2 Rb8 24. Qd1 Be7 25. Na3 Rd8 26. Bc4 Rxd2 27. Qxd2 Bh3 28.
Qd5 Qd8 29. Bf1 Bxf1 30. Qxd8+ Bxd8 31. Kxf1 Kg7 32. Ke2 Kf7 33. Kd3 Ke6 34.
Kc4 Ne7 35. Nc2 Nc8 36. Na3 Nd6+ 37. Kd3 Kd7 38. Nc4 Nc8 39. Bd2 Bc7 40. f3 f5
41. Bh6 Ke6 42. Bg7 Bb8 43. Ne3 Bc7 44. h3 Nd6 45. Bf8 Nf7 46. h4 h5 47. Kc4 f4
48. gxf4 exf4 49. Nd5 Bb8 50. Kd3 g5 51. hxg5 h4 52. Ke2 h3 53. Kf2 Nxg5 54.
Nxb6 h2 55. Kg2 Nxf3 56. Nc4 Ng5 57. e5 Kd5 58. b3 Ne4 59. Kxh2 Bxe5 60. Nxe5
Kxe5 61. Kg2 Kd5 62. b4 Nxc3 63. bxa5 Nxa4 64. Kf3 c4 1/2-1/2

[Event "Santo Domingo"]
[Site "Santo Domingo"]
[Date "2001.??.??"]
[Round "4"]
[White "Dominguez, Jose Manuel"]
[Black "Delgado Ramirez, Neuris"]
[Result "0-1"]
[WhiteElo "2329"]
[BlackElo "2481"]
[PlyCount "40"]
[EventDate "2001.??.??"]
[EventType "tourn"]
[EventRounds "11"]
[EventCountry "DOM"]
[SourceTitle "EXT 2002"]
[Source "ChessBase"]
[SourceDate "2001.11.25"]
[SourceVersion "1"]
[SourceVersionDate "2001.11.25"]
[SourceQuality "1"]

1. e4 c5 2. Nf3 d6 3. d4 cxd4 4. Nxd4 Nf6 5. Nc3 a6 6. Bc4 e6 7. Bb3 Nbd7 8.
Be3 Nc5 9. f3 Be7 10. Qd2 O-O 11. g4 Qc7 12. g5 Nfd7 13. h4 b5 14. g6 Ne5 15.
gxh7+ Kxh7 16. O-O-O b4 17. Rdg1 bxc3 18. Qg2 Bf6 19. bxc3 Nxb3+ 20. cxb3 Qxc3+
0-1

[Event "Santo Domingo"]
[Site "Santo Domingo"]
[Date "2001.??.??"]
[Round "5"]
[White "Delgado Ramirez, Neuris"]
[Black "Alvarez, Franklin"]
[Result "1/2-1/2"]
[WhiteElo "2481"]
[BlackElo "2243"]
[PlyCount "58"]
[EventDate "2001.??.??"]
[EventType "tourn"]
[EventRounds "11"]
[EventCountry "DOM"]
[SourceTitle "EXT 2002"]
[Source "ChessBase"]
[SourceDate "2001.11.25"]
[SourceVersion "1"]
[SourceVersionDate "2001.11.25"]
[SourceQuality "1"]

1. c4 e5 2. Nc3 Nf6 3. Nf3 Nc6 4. d4 e4 5. d5 exf3 6. dxc6 fxg2 7. cxd7+ Qxd7
8. Qxd7+ Bxd7 9. Bxg2 c6 10. Bg5 Be7 11. O-O O-O 12. Ne4 Nxe4 13. Bxe7 Rfe8 14.
Ba3 Bf5 15. Rfd1 Rad8 16. f3 Nf6 17. Bb4 Nh5 18. e3 Be6 19. Bf1 Rd7 20. Kf2 g6
21. b3 f6 22. Bc3 Kf7 23. b4 Ng7 24. a4 Nf5 25. a5 Ne7 26. e4 g5 27. b5 Ng6 28.
a6 cxb5 29. axb7 Rxb7 1/2-1/2

[Event "Santo Domingo"]
[Site "Santo Domingo"]
[Date "2001.??.??"]
[Round "6"]
[White "Sales, Jesse Noel"]
[Black "Delgado Ramirez, Neuris"]
[Result "0-1"]
[WhiteElo "2328"]
[BlackElo "2481"]
[PlyCount "126"]
[EventDate "2001.??.??"]
[EventType "tourn"]
[EventRounds "11"]
[EventCountry "DOM"]
[SourceTitle "EXT 2002"]
[Source "ChessBase"]
[SourceDate "2001.11.25"]
[SourceVersion "1"]
[SourceVersionDate "2001.11.25"]
[SourceQuality "1"]

1. Nf3 Nf6 2. c4 c5 3. g3 d5 4. d4 dxc4 5. Nc3 cxd4 6. Nxd4 e5 7. Ndb5 a6 8.
Qa4 Bd7 9. Bg5 Qb6 10. Be3 Bxb5 11. Bxb6 Bxa4 12. Nxa4 Bb4+ 13. Kd1 Nbd7 14.
Kc2 Nd5 15. Be3 b5 16. Bg2 Nxe3+ 17. fxe3 Rc8 18. Nc3 Bxc3 19. bxc3 Nb6 20. Bb7
Rc5 21. Bxa6 Kd7 22. Bb7 Kc7 23. Be4 Nd5 24. Bxd5 Rxd5 25. Rhd1 Rxd1 26. Rxd1
Kc6 27. e4 Re8 28. Rf1 Re7 29. a3 Ra7 30. Kb2 Rb7 31. Kc2 Kb6 32. Rf5 Re7 33.
Rf1 Ka5 34. Rd1 Re6 35. Rf1 Rh6 36. Rxf7 Rxh2 37. Kd2 g6 38. Re7 Rh3 39. Rxe5
Rxg3 40. Rd5 Rg4 41. Ke3 h5 42. Kf3 g5 43. e3 Rg1 44. Kf2 Rc1 45. e5 Rc2+ 46.
Kf3 g4+ 47. Ke4 Rf2 48. e6 Rf8 49. Rxh5 Rg8 50. Kd5 g3 51. Rh1 Ka4 52. Kd6 Kxa3
53. Kd7 Kb3 54. e7 Kxc3 55. e8=Q Rxe8 56. Kxe8 Kd3 57. Kd7 c3 58. e4 Kxe4 59.
Kc6 c2 60. Kxb5 g2 61. Re1+ Kf3 62. Rc1 Ke3 63. Kc4 Kd2 0-1

[Event "Santo Domingo"]
[Site "Santo Domingo"]
[Date "2001.??.??"]
[Round "7"]
[White "Delgado Ramirez, Neuris"]
[Black "De los Santos, Eddy"]
[Result "1-0"]
[WhiteElo "2481"]
[BlackElo "2190"]
[PlyCount "79"]
[EventDate "2001.??.??"]
[EventType "tourn"]
[EventRounds "11"]
[EventCountry "DOM"]
[SourceTitle "EXT 2002"]
[Source "ChessBase"]
[SourceDate "2001.11.25"]
[SourceVersion "1"]
[SourceVersionDate "2001.11.25"]
[SourceQuality "1"]

1. e4 d6 2. d4 Nf6 3. Nc3 g6 4. Bg5 Bg7 5. Qd2 h6 6. Bh4 g5 7. Bg3 Nh5 8. Nge2
Nd7 9. h4 e5 10. hxg5 hxg5 11. O-O-O Nf4 12. Rxh8+ Bxh8 13. dxe5 Nxe2+ 14. Bxe2
Nxe5 15. Rh1 Bg7 16. Rh7 Bf6 17. Nd5 Be6 18. f4 Ng6 19. f5 Nf8 20. Rh1 Bxd5 21.
Qxd5 c6 22. Qxd6 Qxd6 23. Bxd6 O-O-O 24. e5 Bg7 25. f6 Bxf6 26. Bxf8 Bxe5 27.
Bb4 Bf4+ 28. Kb1 Re8 29. Bd3 f6 30. a4 Be5 31. Bf5+ Kc7 32. Rh7+ Kb8 33. Rd7
Rh8 34. g4 Re8 35. Bd6+ Bxd6 36. Rxd6 Rf8 37. Ka2 Kc7 38. Rd7+ Kb8 39. a5 a6
40. Kb3 1-0

[Event "Santo Domingo"]
[Site "Santo Domingo"]
[Date "2001.??.??"]
[Round "8"]
[White "Borges Matos, Juan R"]
[Black "Delgado Ramirez, Neuris"]
[Result "1-0"]
[WhiteElo "2439"]
[BlackElo "2481"]
[PlyCount "53"]
[EventDate "2001.??.??"]
[EventType "tourn"]
[EventRounds "11"]
[EventCountry "DOM"]
[SourceTitle "EXT 2002"]
[Source "ChessBase"]
[SourceDate "2001.11.25"]
[SourceVersion "1"]
[SourceVersionDate "2001.11.25"]
[SourceQuality "1"]

1. d4 d6 2. c4 g6 3. e4 Bg7 4. Nc3 e5 5. Nf3 exd4 6. Nxd4 Ne7 7. Be3 Nbc6 8.
Nxc6 bxc6 9. Bd4 f6 10. c5 d5 11. Be2 O-O 12. O-O Be6 13. Qa4 dxe4 14. Nxe4 Nf5
15. Bc3 Bd5 16. Rfe1 Kh8 17. Rad1 Qe8 18. Ba6 Qf7 19. Bb7 Rae8 20. Bxc6 Bxc6
21. Qxc6 Qxa2 22. Qxc7 Re7 23. Rd7 Rxd7 24. Qxd7 Rf7 25. c6 Rxd7 26. cxd7 Qd5
27. Nxf6 1-0

[Event "CUB-ch"]
[Site "Las Tunas"]
[Date "2001.04.01"]
[Round "1"]
[White "Delgado Ramirez, Neuris"]
[Black "De la Paz Perdomo, Frank"]
[Result "1/2-1/2"]
[WhiteElo "2481"]
[BlackElo "2437"]
[PlyCount "73"]
[EventDate "2001.04.01"]
[EventType "tourn"]
[EventRounds "16"]
[EventCountry "CUB"]
[EventCategory "9"]
[SourceTitle "CBM 083"]
[Source "ChessBase"]
[SourceDate "2001.07.05"]
[SourceVersion "1"]
[SourceVersionDate "2001.07.05"]
[SourceQuality "1"]

1. e4 e5 2. Nf3 Nc6 3. Bb5 Nf6 4. O-O Bc5 5. d3 d6 6. Be3 Bb6 7. Nc3 O-O 8. h3
h6 9. Bxc6 bxc6 10. a4 Re8 11. Re1 a5 12. Bxb6 cxb6 13. d4 Qc7 14. Qd2 Bb7 15.
Rad1 Rad8 16. dxe5 dxe5 17. Qe3 Nd7 18. Rd2 Nc5 19. Red1 f6 20. Nh4 Bc8 21. Nf5
Bxf5 22. exf5 e4 23. Nxe4 Nxe4 24. Rxd8 Rxd8 25. Rxd8+ Qxd8 26. Qxe4 Qd1+ 27.
Kh2 Qd2 28. Kg3 Qd6+ 29. f4 Kh7 30. b3 Qc5 31. Kf3 b5 32. g4 Qg1 33. Qe2 bxa4
34. bxa4 Qh1+ 35. Kg3 Qg1+ 36. Kf3 Qh1+ 37. Kg3 1/2-1/2

[Event "CUB-ch"]
[Site "Las Tunas"]
[Date "2001.04.02"]
[Round "2"]
[White "Gomez Fontal, Felix Manuel"]
[Black "Delgado Ramirez, Neuris"]
[Result "1/2-1/2"]
[WhiteElo "2462"]
[BlackElo "2481"]
[PlyCount "20"]
[EventDate "2001.04.01"]
[EventType "tourn"]
[EventRounds "16"]
[EventCountry "CUB"]
[EventCategory "9"]
[SourceTitle "CBM 083"]
[Source "ChessBase"]
[SourceDate "2001.07.05"]
[SourceVersion "1"]
[SourceVersionDate "2001.07.05"]
[SourceQuality "1"]

1. d4 g6 2. e4 c5 3. d5 Bg7 4. Nc3 d6 5. Be2 Nf6 6. Nf3 O-O 7. O-O a6 8. a4 e6
9. Bg5 h6 10. Bh4 exd5 1/2-1/2

[Event "CUB-ch"]
[Site "Las Tunas"]
[Date "2001.04.03"]
[Round "3"]
[White "Delgado Ramirez, Neuris"]
[Black "Perez Garcia, Rodney Oscar"]
[Result "1/2-1/2"]
[WhiteElo "2481"]
[BlackElo "2471"]
[PlyCount "64"]
[EventDate "2001.04.01"]
[EventType "tourn"]
[EventRounds "16"]
[EventCountry "CUB"]
[EventCategory "9"]
[SourceTitle "CBM 083"]
[Source "ChessBase"]
[SourceDate "2001.07.05"]
[SourceVersion "1"]
[SourceVersionDate "2001.07.05"]
[SourceQuality "1"]

1. b3 d5 2. Bb2 e6 3. Nf3 Nf6 4. g3 Be7 5. Bg2 b6 6. O-O Bb7 7. c4 dxc4 8. bxc4
c5 9. Qa4+ Qd7 10. Qxd7+ Nbxd7 11. a4 O-O 12. Nc3 Bc6 13. d3 a6 14. Rfb1 Rfb8
15. Bc1 Bd6 16. Ra3 Kf8 17. Rab3 h6 18. Nd2 Bxg2 19. Kxg2 Be5 20. Nd1 Rc8 21.
Nf3 Bc7 22. Bd2 Nb8 23. Bf4 Nfd7 24. Bxc7 Rxc7 25. a5 bxa5 26. Rb7 Rxb7 27.
Rxb7 Ke8 28. Nc3 Kd8 29. Na4 Kc8 30. Rb1 Nc6 31. Nd2 f5 32. f4 Kc7 1/2-1/2